Statistics for Country Logic Puzzle by Scambigol #6

Click here to take the quiz!

General Stats

  • This quiz has been taken 187 times
  • The average score is 12 of 24

Answer Stats

Country % Correct
OmanOman
88%
TogoTogo
79%
PeruPeru
71%
YemenYemen
70%
MaliMali
60%
ItalyItaly
59%
RwandaRwanda
59%
El SalvadorEl Salvador
57%
AngolaAngola
56%
United Arab EmiratesUnited Arab Emirates
55%
Vatican CityVatican City
54%
ChadChad
52%
GhanaGhana
48%
QatarQatar
48%
LaosLaos
46%
ZambiaZambia
45%
NigerNiger
44%
Saudi ArabiaSaudi Arabia
43%
JordanJordan
40%
Democratic
Republic
of the Congo
Democratic
Republic
of the Congo
39%
FranceFrance
37%
HondurasHonduras
35%
KenyaKenya
30%
Burkina FasoBurkina Faso
29%

Score Distribution

Percentile by Number Answered

Percent of People with Each Score

Your Score History

You have not taken this quiz